|
|
|
|
| LEADER |
00884nam a22002297i 4500 |
| 001 |
|
| 003 |
GR-PaULI |
| 005 |
20201027111937.0 |
| 008 |
090529s1960 enk 000 eng c |
| 952 |
|
|
|0 0
|1 0
|2 ddc
|4 0
|6 822_800000000000000_WIL
|7 0
|9 244808
|a LISP
|b LISP
|c DON
|d 2020-10-27
|e ΓΑΛ
|i 145410
|l 0
|o 822.8 WIL
|p 025000271566
|r 2020-10-27 00:00:00
|t 1
|v 2020.00
|w 2020-10-27
|y BKN
|
| 999 |
|
|
|c 147761
|d 147761
|
| 040 |
|
|
|b gre
|a GR-PaULI
|c GR-PaULI
|e AACR2
|
| 082 |
0 |
4 |
|2 23
|a 822.8
|
| 100 |
1 |
|
|a Wilde, Oscar,
|4
|9 3285
|d 1854-1900
|e συγγραφέας.
|
| 245 |
1 |
4 |
|a The works of Oscar Wilde /
|c edited with an introduction by G. F. Maine.
|
| 250 |
|
|
|a
|
| 260 |
|
|
|a London :
|b Collins,
|c 1948 [reprint 1960].
|
| 300 |
|
|
|a 1119 σ. ;
|b
|c 21 εκ.
|
| 600 |
1 |
4 |
|9 3285
|a Wilde, Oscar,
|d 1854-1900.
|
| 700 |
1 |
|
|a Maine, G. F.
|9 184044
|e επιμελητής.
|
| 942 |
|
|
|2 ddc
|c BKN
|
| 998 |
|
|
|c ΜΠΟΥΡΑΣ
|d 2020-10
|